Statistics for Countries & territories not party to the Kyoto Protocol

Click here to take the quiz!

General Stats

  • This quiz has been taken 26 times
  • The average score is 3 of 7

Answer Stats

HintAnswer% Correct
Signed the protocol, but does not intend to ratify itUnited States
96%
Constituent country of DenmarkFaroe Islands
48%
Palestine
44%
Withdrew in 2012Canada
40%
Observer of the UNFCCCVatican City
32%
South Sudan
24%
Members of the UNFCCCAndorra
16%

Score Distribution

Percentile by Number Answered

Percent of People with Each Score

Your Score History

You have not taken this quiz